Administración de personal (Registro nro. 3558)
[ vista simple ]
| 000 -CABECERA | |
|---|---|
| campo de control de longitud fija | 00980nam a22003737a 4500 |
| 005 - FECHA Y HORA DE ACTUALIZACIÓN | |
| campo de control | 20241015141229.0 |
| 008 - LONGITUD FIJA | |
| campo de control de longitud fija | 150303b xxu||||| |||| 00| 0 ES d |
| 020 ## - INTERNATIONAL STANDARD BOOK NUMBER | |
| Número Internacional Estándar del Libro | 9789684444881 |
| 041 ## - IDIOMA | |
| Código de idioma del texto/pista de sonido o título separado | |
| 082 ## - CLASIFICACIÓN DECIMAL DEWEY | |
| Número de clasificación | 658.3 D475a |
| 100 ## - AUTOR PERSONAL | |
| Nombre de persona | Dessler, Gary |
| 245 ## - TÍTULO PROPIAMENTE DICHO | |
| Título | Administración de personal |
| 250 ## - EDICIÓN | |
| Mención de edición | 8 edición |
| 260 ## - PIE DE IMPRENTA | |
| Lugar de publicación, distribución, etc. | México |
| 260 ## - PIE DE IMPRENTA | |
| Nombre del editor, distribuidor, etc. | Pearson |
| 260 ## - PIE DE IMPRENTA | |
| Fecha de publicación, distribución, etc. | 2001 |
| 300 ## - DESCRIPCIÓN FÍSICA | |
| Extensión | 700 páginas |
| 650 ## - Materia General | |
| Materia general | ADMINISTRACIÓN DE PERSONAL |
| 650 ## - Materia General | |
| Materia general | RECURSOS HUMANOS |
| 650 ## - Materia General | |
| Materia general | RECLUTAMIENTO |
| 650 ## - Materia General | |
| Materia general | CONTRATACIÓN |
| 650 ## - Materia General | |
| Materia general | ANÁLISIS DE PUESTOS |
| 650 ## - Materia General | |
| Materia general | PRUEBAS DE SELECCIÓN |
| 650 ## - Materia General | |
| Materia general | CAPACITACIÓN |
| 650 ## - Materia General | |
| Materia general | DESARROLLO DE EMPLEADOS |
| 650 ## - Materia General | |
| Materia general | EVALUACIÓN DEL DESEMPEÑO |
| 650 ## - Materia General | |
| Materia general | COMPENSACIONES |
| 650 ## - Materia General | |
| Materia general | PRESTACIONES |
| 650 ## - Materia General | |
| Materia general | RELACIONES LABORALES |
| 650 ## - Materia General | |
| Materia general | SEGURIDAD DE LOS EMPLEADOS |
| 650 ## - Materia General | |
| Materia general | SALUD DE LOS EMPLEADOS |
| 650 ## - Materia General | |
| Materia general | PERSONAL INTERNACIONAL |
| 942 ## - Punto de Acceso Adicional Koha | |
| Tipo de ítem Koha | Libro |
| Estado perdido | Fuente de clasificación o esquema de estantería | Estado dañado | No para préstamo | Biblioteca permanente | Biblioteca actual | Enumeración serial/Volumen | Signatura completa | Código de barras | Precio efectivo a partir del | Programa Académico | Tipo de ítem |
|---|---|---|---|---|---|---|---|---|---|---|---|
| Dewey Decimal Classification | Departamento de Biblioteca y Documentación Alfonso Chase Brenes | Departamento de Biblioteca y Documentación Alfonso Chase Brenes | 8 edición | 658.3 D475a | 8313 | 11/03/2022 | Libro | ||||
| Dewey Decimal Classification | Departamento de Biblioteca y Documentación Alfonso Chase Brenes | Departamento de Biblioteca y Documentación Alfonso Chase Brenes | 8 edición | 658.3 D475a | 8314 | 11/03/2022 | Libro | ||||
| Dewey Decimal Classification | Departamento de Biblioteca y Documentación Alfonso Chase Brenes | Departamento de Biblioteca y Documentación Alfonso Chase Brenes | 8 edición | 658.3 D475a | 12725 | 11/03/2022 | Libro | ||||
| Dewey Decimal Classification | Departamento de Biblioteca y Documentación Alfonso Chase Brenes | Departamento de Biblioteca y Documentación Alfonso Chase Brenes | 8 edición | 658.3 D475a | 12726 | 11/03/2022 | Libro | ||||
| Dewey Decimal Classification | Departamento de Biblioteca y Documentación Alfonso Chase Brenes | Departamento de Biblioteca y Documentación Alfonso Chase Brenes | 8 edición | 658.3 D475a | 12727 | 11/03/2022 | Libro |